Taller de lenguaje II: un programa integrado de desarrollo de las competencias lingüísticas y comunicativas de los alumnos de segundo ciclo básico
Guardat en:
| Autor principal: | |
|---|---|
| Altres autors: | |
| Format: | Llibre |
| Idioma: | espanyol |
| Publicat: |
Santiago
Dolmen
1999
|
| Col·lecció: | Pedagogía
|
| Matèries: | |
| Etiquetes: |
Afegir etiqueta
Sense etiquetes, Sigues el primer a etiquetar aquest registre!
|
MARC
| LEADER | 00000nam a2200000 a 4500 | ||
|---|---|---|---|
| 001 | UCP7821 | ||
| 003 | CL-VaPUC | ||
| 008 | 991223e19990000CL |||||||||||||||||spa|d | ||
| 082 | 0 | 4 | |a 372.416 |b CON |2 21 |
| 100 | 0 | |a Condemarín Grimberg, Mabel |e author |9 437417 | |
| 700 | |a Medina Moreno, Alejandra |e autora |9 558156 | ||
| 245 | 1 | 0 | |a Taller de lenguaje II: un programa integrado de desarrollo de las competencias lingüísticas y comunicativas de los alumnos de segundo ciclo básico |
| 300 | |a 412 p | ||
| 942 | |c BK | ||
| 945 | |d 19991223 00:00:00 |a vberengu | ||
| 260 | |a Santiago |b Dolmen |c 1999 | ||
| 650 | 0 | |a Aprendizaje |9 254827 | |
| 650 | 0 | |a Lectura |9 307634 | |
| 650 | 0 | |a Lenguaje |9 265069 | |
| 650 | 0 | |a Lingüística |9 265068 | |
| 650 | 7 | |a PROCESAMIENTO DE LA INFORMACION |2 CL-VaPUC |9 260052 | |
| 583 | |a last modification |c 19991223 00:00:00 |k Rodrigo Vera | ||
| 490 | 0 | |a Pedagogía | |
| 999 | |c 284864 |d 284862 | ||
| 952 | |0 0 |1 0 |4 0 |6 372_416000000000000_CON_1999 |7 0 |8 A |9 329156 |a FDOPOS |b FDOPOS |d 2019-11-20 |i 3585301 |o 372.416 CON 1999 |p 3585301 |r 2025-01-22 |w 2019-11-20 |y BK |k MLA | ||
| 952 | |0 0 |1 0 |4 0 |6 372_416000000000000_CON_1999 |7 0 |8 R |9 329157 |a BIBEDU |b BIBEDU |d 2019-11-20 |i 3702626 |o 372.416 CON 1999 |p 3702626 |r 2023-01-13 |w 2019-11-20 |y BK_R |k LIT | ||
| 952 | |0 0 |1 0 |4 0 |6 372_416000000000000_CON_1999 |7 0 |8 R |9 329158 |a BIBEDU |b BIBEDU |c MCIRC |d 2019-11-20 |i 3732975 |o 372.416 CON 1999 |p 3732975 |r 2023-01-13 |w 2019-11-20 |y BK_R |k EPE | ||
| 952 | |0 0 |1 0 |4 0 |6 372_416000000000000_CON_1999 |7 0 |8 R |9 329159 |a BIBEDU |b BIBEDU |d 2019-11-20 |i 3732983 |o 372.416 CON 1999 |p 3732983 |r 2023-01-13 |w 2019-11-20 |y BK_R |k EPE | ||